000 01185cgm a2200385 4500
001 08684
003 DO-SdBNP
005 20230509115621.0
007 08684
008 080723s2007 sp e v mul
017 _a
_b
020 _a9788498644617
028 4 0 _a
_b
035 _a
040 _aBPMSU
_bspa
_cBPMSU
_e
082 4 _a822.33
_bS527m 2007
_2 22
100 1 _aShakespeare, William,
_d1564-1616.
245 1 3 _aEl mercader de Venecia /
_cWilliam Shakespeare; traductor Cristina María Borrego
_h
_b
260 _aMadrid :
_bEdimat Libros,
_c2007
300 _a143 p. ;
_c20 cm.
_b
490 0 _aClásicos de la literatura,
_aTeatro
500 _3Incluye datos biográficos del autor en contracubierta
534 _aTítulo original :
_tMerchant of venice.
590 _6Inventariado, 2023/VM
650 4 _aTeatro inglés
_2
650 4 _aDramas inglés
650 4 _aLiteratura inglesa
700 1 _aBorrego, Cristina María
_4tr.
740 0 _aMucho ruido y pocas nueces
740 0 _aRomeo y Julieta
740 3 _aEl sueño de una noche de verano
740 0 _aMacbeth
910 _aVMateo V. Control de calidad (BPMSU)
942 _2ddc
_cBK
999 _c11067
_d11067